Asamblea 1813
El 31 de enero de 1813, comenzó a sesionar la Asamblea General Constituyente, integrada por hombres con ideales de libertad, que promulgaron la soberanía y sentaron las bases para una nación independiente. Sus medidas abrieron el camino a la igualdad y a lo que comenzaba a ser la identidad argentina...
Guardado en:
| Autor Principal: | |
|---|---|
| Autores Corporativos: | , |
| Otros Autores: | , , , , |
| Formato: | |
| Idioma: | Undetermined |
| Publicado: |
Buenos Aires,
2013.
|
| Materias: | |
| Acceso en línea: | http://encuentro.gob.ar/programas/serie/8469/5384 |
| Etiquetas: |
Agregar Etiqueta
Sin Etiquetas, Sea el primero en etiquetar este registro!
|
| LEADER | 01597ngm a22003255a 4500 | ||
|---|---|---|---|
| 001 | CEM.cems019556 | ||
| 008 | 220915s2013####ag#---############vlund#d | ||
| 005 | 20220915203308.0 | ||
| 245 | 1 | 0 | |a Asamblea 1813 |h [videograbación] / |c Federico Randazzo, Pablo Camaiti. |
| 260 | |a Buenos Aires, |c 2013. | ||
| 300 | |a 26'. | ||
| 505 | 0 | |a 01. La previa -- 02. La Asamblea -- 03. La logia -- 04. Asamblea del año XIII -- Duración aproximada por capítulo 26 minutos. Duración total aproximada: 1 hora 45 minutos | |
| 520 | |a El 31 de enero de 1813, comenzó a sesionar la Asamblea General Constituyente, integrada por hombres con ideales de libertad, que promulgaron la soberanía y sentaron las bases para una nación independiente. Sus medidas abrieron el camino a la igualdad y a lo que comenzaba a ser la identidad argentina. Presenta Roberto Carnaghi. | ||
| 590 | |a Identificación anterior: D 175 | ||
| 538 | |a Soporte: DVD -- Formato: AVI -- Peso: 1.29gb -- Resolución: 720 x 540 -- 25 fps | ||
| 100 | 1 | |a Randazzo, Federico. | |
| 700 | 1 | |a Camaiti, Pablo; Dirección. | |
| 700 | 1 | |a Meconi, Franco; Producción general. | |
| 700 | 1 | |a Longo, Pio; Guión. | |
| 700 | 1 | |a Di Meglio, Gabriel; Contenido. | |
| 700 | 1 | |a Carnaghi, Roberto; Conducción. | |
| 710 | 2 | |a Canal Encuentro. | |
| 710 | 2 | |a El hilo productora. | |
| 653 | |a HISTORIA | ||
| 653 | |a ARGENTINA | ||
| 653 | |a ASAMBLEA DEL AÑO XIII | ||
| 653 | |a ASAMBLEA CONSTITUYENTE | ||
| 653 | |a 1813 | ||
| 856 | |u http://encuentro.gob.ar/programas/serie/8469/5384 | ||
| 859 | |a CEMS |b BIB. CEMS - Depto. Recursos Didacticos |h 982 |i RAN |k DRD |p 2890.22 | ||
